Statistiques concernant Culture Générale - Série 600

Cliquez ici pour prendre le quiz!

Statistiques générales

  • Ce quiz a été pris 193 fois
  • Le résultat moyen est 9 sur 10

Statistiques - réponses

QuestionRéponse% Correct
A quel organe du corps humain se rapporte l'adjectif "stomacal" ?estomac
97%
Dans quelle capitale européenne se trouve la basilique du Sacré-Coeur ?Paris
97%
Selon l'expression, combien de pas fait-on lorsqu'on va et vient de long en large pour tromper son attente ?100
95%
En France, que signifient le "O" et le "M", de l'acronyme D.O.M.-T.O.M. ?Outre-mer
92%
A quoi se rapporte un mot qui commence par "hémato-" ?sang
90%
Dans quel département se trouve la ville de Marseille ?Bouches-du-Rhône
86%
Quel chef du gouvernement britannique des années 1980 était surnommé la "Dame de fer" ?Margaret Thatcher
86%
Quel est le nom du "monstre gentil" orange, héros de l'émission "L'Ile aux enfants" ?Casimir
81%
Dans quel pays se trouve la ville sainte de Médine ?Arabie Saoudite
74%
Quel était le véritable prénom de Coluche ?Michel
60%

Distribution des résultats

Percentile par nombre de réponses

% des personnes avec chaque résultat

Votre développement - résultats

Vous n’avez pas pris ce quiz